00593nam a2200169Ia 4500003000900000005001700009008004100026040003100067040001300098041000800111100002400119245001900143260002000162300001900182490002100201520020100222IT-RoPAU20220918175928.0120407s9999 xx 000 0 und d aIT-RoPAUc20140322113917.0 cIT-RoPAU aita aFiglie di San Paolo aRegola di vita c1975aFSPbAlba a82 p.c15,5 cm aEdizioni Paoline aIndice Presentazione Vocazione ecclesiale Missione apostolica Spirito animatore e modelli di vita Comunione di vita Vita di preghiera Consacrazione Il carisma dell'autorità€ Fino alla sua venuta